logo

Bir Sreshtho Munshi Abdur Rouf Library
Jhenaidah Cadet College

কালপুরুষ / (Record no. 1696)

MARC details
000 -LEADER
fixed length control field 00689nam a2200229 a 4500
001 - CONTROL NUMBER
JCCL Control Number 1696
003 - CONTROL NUMBER IDENTIFIER
JCCL marc code BD-JhCC
005 - DATE AND TIME OF LATEST TRANSACTION
control field 20171029105158.0
008 - FIXED-LENGTH DATA ELEMENTS--GENERAL INFORMATION
fixed length control field 171023s1996 bg |||| |||| 000 0 ben d
020 ## - INTERNATIONAL STANDARD BOOK NUMBER
International Standard Book Number 9843001699
035 ## - SYSTEM CONTROL NUMBER
system control number (BD-JhCC)1696
040 ## - CATALOGING SOURCE
Original cataloging agency BD-JhCC
Modifying agency BD-JhCC
041 ## - LANGUAGE CODE
Language code of Book ben
082 ## - DEWEY DECIMAL CLASSIFICATION NUMBER
Classification number 891.4415
Author mark and Year KAL 1996
245 ## - TITLE STATEMENT
Title কালপুরুষ /
Statement of responsibility, etc রফিক নওশাদ (সম্পা.)
260 ## - PUBLICATION, DISTRIBUTION, ETC. (IMPRINT)
Place of publication, distribution, etc ঢাকা :
Name of publisher, distributor, etc শব্দরুপ প্রকাশনী,
Date of publication, distribution, etc ১৯৯৬.
300 ## - PHYSICAL DESCRIPTION
Pagination ৩১৬ পৃ . :
Dimensions ২১ সেমি.
650 ## - SUBJECT ADDED ENTRY--TOPICAL TERM
Topical term or geographic name as entry element Bengali poetry
700 ## - ADDED ENTRY--PERSONAL NAME
Personal name নওশাদ, রফিক
942 ## - ADDED ENTRY ELEMENTS (KOHA)
Source of classification or shelving scheme Dewey Decimal Classification
Koha item type Books
Holdings
Source of classification or shelving scheme Damaged status Not for loan Home library Current library Shelving location Date of accession Source of acquisition Cost, normal purchase price Total Checkouts Full call number Barcode Date last seen Copy number Koha item type Method of acquisition Currency
Dewey Decimal Classification     JCC Rouf Library JCC Rouf Library General Stacks 10/23/2017 Foundation of tenth's Efforts 125.00   891.4415 KAL 1996 3126 10/23/2017 C-1 Books    
Dewey Decimal Classification     JCC Rouf Library JCC Rouf Library General Stacks 05/18/2023 Major General Md. Shafeenul Islam.ndc,psc 125.00   891.4415 KAL 1996 17587 05/18/2023 C-2 Books Gift/Donation BDT
Dewey Decimal Classification     JCC Rouf Library JCC Rouf Library General Stacks     125.00   891.4415 KAL 1996 19609 05/10/2024 C-3 Books Purchase BDT
Dewey Decimal Classification     JCC Rouf Library JCC Rouf Library General Stacks     125.00   891.4415 KAL 1996 19610 05/10/2024 C-4 Books Purchase BDT
Dewey Decimal Classification     JCC Rouf Library JCC Rouf Library General Stacks     125.00   891.4415 KAL 1996 19519 05/17/2024 C-5 Books Purchase BDT

JCC Library | Contacts | JCC Home

Last Update on 23 September 2017
Copyright @ 2017-2020 JCC Rouf Library
Rouf Library, Jhenidah Cadet College (JCC), Bangladesh